| 000 | 00419nam a2200169Ia 4500 | ||
|---|---|---|---|
| 001 | 17846 | ||
| 008 | 140405s9999 xx 000 0 und d | ||
| 020 | _a0-7645-5144-2 | ||
| 040 | _cPK-LaUMT | ||
| 082 |
_a 155.9042 _bELK-S |
||
| 100 | _aAllen Elkin | ||
| 245 |
_aStress management for dummies _cAllen Elkin |
||
| 260 |
_aChicago,USA: _bIDG Books Worldwide, _c1999 |
||
| 300 | _a289 p. | ||
| 546 | _aEN | ||
| 942 | _cBK | ||
| 999 |
_c18250 _d18250 |
||